| 000 | 01076cam a2200337 a 4500 | ||
|---|---|---|---|
| 999 |
_c23894 _d23894 |
||
| 001 | 15193844 | ||
| 003 | BDDh-ASL | ||
| 005 | 20231015030313.0 | ||
| 008 | 080226s2008 bg g 000 0 eng | ||
| 010 | _a 2008307349 | ||
| 020 | _a9840517988 | ||
| 025 | _aB-E-2008-307349; 23 | ||
| 037 |
_bLibrary of Congress -- New Delhi Overseas Office _cTK350.00 |
||
| 040 |
_aDLC _cDLC _dBDDh-ASL |
||
| 041 | 0 |
_aeng _aben |
|
| 042 | _alcode | ||
| 043 | _aa-bg--- | ||
| 050 | 0 | 0 |
_aJQ635 _b.A79 2008 |
| 082 |
_a923.43 _bISH |
||
| 100 | 1 |
_aAhmed, Syed Ishtiaq, _d1932-2003. |
|
| 245 | 1 | 4 |
_aThe Ishtiaq papers / _c[by Syed Ishtiaq Ahmed] ; prefaced by Syed Refaat Ahmed. |
| 260 |
_aDhaka : _bUPL, _c2008. |
||
| 300 |
_axiv, 152 p. ; _c23 cm. |
||
| 520 | _aArticles with reference to Bangladesh. | ||
| 546 | _aEnglish and Bengali. | ||
| 650 | 0 |
_aConstitutional history _zBangladesh. |
|
| 651 | 0 |
_aBangladesh _xPolitics and government _y1971- |
|
| 906 |
_a7 _bcbc _corigode _d3 _encip _f20 _gy-gencatlg |
||
| 942 |
_2ddc _cBK |
||